| 000 | 00780nam a2200241 i 4500 | ||
|---|---|---|---|
| 001 | 14480 | ||
| 003 | ES-MaACL | ||
| 005 | 20250804220915.0 | ||
| 007 | t| | ||
| 008 | 990329s1969 xxr ||||1| rus d | ||
| 080 | _a946.0"414/711" | ||
| 080 | _a930.85(363.62) | ||
| 100 | 1 |
_aCorsunsky, A.R. _940802 |
|
| 245 | 1 | 0 |
_aEspaña gótica _b: ensayos sobre la historia socio-económica y política / _cA.R. Corsunsky. |
| 260 |
_aMoscú : _bUniversidad, _c1969. |
||
| 300 |
_a323 p. ; _c21 cm. |
||
| 500 | _aTexto en caracteres cirílicos. | ||
| 650 | 1 | 4 |
_aVisigodos- _xHistoria _917835 |
| 651 | 7 |
_aEspaña- _xHistoria- _y0414-0711, Época visigoda _2 _9162046 |
|
| 710 | 2 |
_aUniversidad de Moscú. _97227 |
|
| 852 |
_aES-MaACL _jF-7075 _bR.99449 |
||
| 999 |
_c14480 _d14480 |
||